000 00672nam a2200181Ia 4500
008 090630s9999 xx 000 0 und d
082 _b17211
100 _aडॉ. पाटील लिला.
245 _aभाई अलिंची जंगल कथा.
_cडॉ. पाटील लिला.
260 _bमधुराज - पुणे.
300 _a0
600 _aडॉ. पाटील लिला.
630 _aभाई अलिंची जंगल कथा.
655 _aबालवाङमय.
700 _aडॉ. पाटील लिला.
730 _aभाई अलिंची जंगल कथा.
942 _cBOOK
999 _c269067
_d269067